Advanced programming using Visual Basic 2005 / (Record no. 869)

MARC details
000 -LEADER
fixed length control field 00748nam a22002292 4500
001 - CONTROL NUMBER
control field 0000012093
005 - DATE AND TIME OF LATEST TRANSACTION
control field 20151021151123.0
008 - FIXED-LENGTH DATA ELEMENTS--GENERAL INFORMATION
fixed length control field 090202s xx 000 0 eng d
020 ## - INTERNATIONAL STANDARD BOOK NUMBER
International Standard Book Number 0073517178 :
040 ## - CATALOGING SOURCE
Original cataloging agency KABU
Transcribing agency KABU
100 1# - MAIN ENTRY--PERSONAL NAME
Personal name Bradley, Julia Case.
-- 0000154404
245 10 - TITLE STATEMENT
Title Advanced programming using Visual Basic 2005 /
Statement of responsibility, etc. Julia Case Bradley, Anita C. Millspaugh.
250 ## - EDITION STATEMENT
Edition statement 3rd ed.
260 ## - PUBLICATION, DISTRIBUTION, ETC. (IMPRINT)
Place of publication, distribution, etc. New York :
Name of publisher, distributor, etc. McGraw Hill,
Date of publication, distribution, etc. 2007.
300 ## - PHYSICAL DESCRIPTION
Extent xxii, 650 p.
650 #0 - SUBJECT ADDED ENTRY--TOPICAL TERM
Topical term or geographic name as entry element Microsoft Visual BASIC.
-- 0000154360
650 #0 - SUBJECT ADDED ENTRY--TOPICAL TERM
Topical term or geographic name as entry element Computer programming.
-- 0000148161
700 1# - ADDED ENTRY--PERSONAL NAME
Personal name Millspaugh, Anita C.
-- 0000154405
852 1# - LOCATION
-- p3500 KES
908 ## - PUT COMMAND PARAMETER (RLIN)
Put command parameter 090202
950 ## - LOCAL HOLDINGS (RLIN)
-- 1
Holdings
Withdrawn status Lost status Source of classification or shelving scheme Not for loan Home library Current library Date acquired Total Checkouts Full call number Barcode Date last seen Price effective from Koha item type Total Renewals Date last checked out
    Library of Congress Classification   Kabarak, Main Campus Kabarak, Main Campus 17/12/2015   QA76.73 .B3B73 2007 c. 1 16444 17/12/2015 17/12/2015 General Collection    
    Library of Congress Classification   Kabarak, Main Campus Kabarak, Main Campus 17/12/2015 1 QA76.73 .B3B73 2007 c. 2 16443 23/08/2022 17/12/2015 General Collection 1 15/09/2017
    Library of Congress Classification   Kabarak, Main Campus Kabarak, Main Campus 17/12/2015 1 QA76.73 .B3B73 2007 c. 3 013574 25/02/2019 17/12/2015 General Collection   06/02/2019
    Library of Congress Classification   Kabarak, Nakuru City Campus Kabarak, Main Campus 17/12/2015 2 QA76.73 .B3B73 2007 c. 2 013575 27/05/2024 17/12/2015 General Collection 1 21/05/2024
    Library of Congress Classification   Kabarak, Nakuru City Campus Kabarak, Nakuru City Campus 21/10/2015   QA76.73 .B3B73 2007 c. 1 013584 21/10/2015 21/10/2015 General Collection    
Designed with assistance from East African Informatics Ltd